00942nam a2200253 a 450000100100000000500170001000800410002702000150006804000250008304100130010808200130012110000350013424000470016924500840021626000340030030000210033449000340035550000640038950400320045370000320048583000430051795201110056099900170067100004316020201002040702.0140220s1999 sp 000 0 spa d a8483106515 aDO-SdBNPbspacBNPHU17aspaheng axxxbxxx1 aThomas, Chantal,d1945-97072710aComment supporter sa liberté.lEspañol10aCómo soportar la libertad /cChantal Thomas ; traducción de Mauro Armiño. aBarcelona :bTusquets,c1999. a144 p. ;c21 cm.1 aEnsayoatusquets editoresv43 aIncluye datos biográficos del autor en la contracubiertas aBibliografía : p. 141-14412aArmiño, Mauroetr.913314 0aEnsayoptusquets editores ;n43970728 001050718MOaGRbGRcCTd2014-02-20iLF1l0oxxx xxxp43160-10r2020-06-25w2020-06-25y1ZNo se presta c42649d42649